La idea psicológica del hombre

Сохранить в:
Библиографические подробности
Главный автор: Frankl, Viktor E (Автор)
Формат:
Язык:испанский
Опубликовано: Madrid Rialp 1986
Серии:Naturaleza e Historia, 11
Предметы:
Метки: Добавить метку
Нет меток, Требуется 1-ая метка записи!

MARC

LEADER 00000nam a2200000 a 4500
001 UCW7448
003 CL-VaPUC
008 921215e19860000SP |||||||||||||||||spa|d
082 0 4 |a 616.8914  |b FRA  |2 21 
100 0 |a Frankl, Viktor E  |e author  |9 312591 
245 1 3 |a La idea psicológica del hombre 
300 |a 220 p 
942 |c BK 
945 |d 19921215 00:00:00 
260 |a Madrid  |b Rialp  |c 1986 
650 7 |a PSICOTERAPIA  |2 CL-VaPUC  |9 312592 
650 0 |a Psicoanálisis   |9 265702 
583 |a last modification  |c 19921215 00:00:00  |k Rodrigo Vera 
490 0 |a Naturaleza e Historia, 11 
999 |c 220196  |d 220194 
952 |0 0  |1 0  |4 0  |6 616_891400000000000_FRA_1986  |7 0  |8 A  |9 212107  |a BIBEDU  |b BIBEDU  |d 2019-11-15  |i 2803577  |o 616.8914 FRA 1986  |p 2803577  |r 2019-11-15  |w 2019-11-15  |y BK  |k EDU